[Event "April 9 Early 2024"]
[Site "Chess.com"]
[Date "2024.04.09"]
[Round "6"]
[White "Rosh Jain"]
[Black "Adireddy Arjun"]
[Result "0-1"]
[Board "146"]
[WhiteFideId "25789465"]
[BlackFideId "25647709"]
[WhiteTitle "FM"]
[BlackTitle "FM"]
[WhiteElo "2448"]
[BlackElo "2657"]
[WhiteTeam "IND"]
[BlackTeam "IND"]
[WhiteClock "0:00:08"]
[BlackClock "0:00:07"]
[Variant "Standard"]

1. e4 {[%clk 0:02:55]}  c5 {[%clk 0:03:00]} 2. Nc3 {[%clk 0:02:54]}  a6 {[%clk 0:02:57]} 3. Nge2 {[%clk 0:02:49]}  b5 {[%clk 0:02:58]} 4. g3 {[%clk 0:02:49]}  Bb7 {[%clk 0:02:58]} 5. Bg2 {[%clk 0:02:50]}  e6 {[%clk 0:02:58]} 6. O-O {[%clk 0:02:50]}  Nf6 {[%clk 0:02:57]} 7. d3 {[%clk 0:02:48]}  Qc7 {[%clk 0:02:54]} 8. Be3 {[%clk 0:02:44]}  b4 {[%clk 0:02:46]} 9. Na4 {[%clk 0:02:38]}  d6 {[%clk 0:02:46]} 10. a3 {[%clk 0:02:32]}  bxa3 {[%clk 0:02:45]} 11. Rxa3 {[%clk 0:02:33]}  Be7 {[%clk 0:02:44]} 12. Rb3 {[%clk 0:02:31]}  Nbd7 {[%clk 0:02:32]} 13. c4 {[%clk 0:02:16]}  Bc6 {[%clk 0:02:28]} 14. Nac3 {[%clk 0:02:16]}  O-O {[%clk 0:02:27]} 15. h3 {[%clk 0:02:10]}  Rfb8 {[%clk 0:02:26]} 16. f4 {[%clk 0:02:09]}  Nb6 {[%clk 0:02:18]} 17. g4 {[%clk 0:02:07]}  Nfd7 {[%clk 0:01:59]} 18. g5 {[%clk 0:02:06]}  Re8 {[%clk 0:01:45]} 19. h4 {[%clk 0:01:40]}  Bf8 {[%clk 0:01:41]} 20. h5 {[%clk 0:01:38]}  Na4 {[%clk 0:01:21]} 21. Bd2 {[%clk 0:01:10]}  Nxc3 {[%clk 0:01:11]} 22. Nxc3 {[%clk 0:01:11]}  Nb6 {[%clk 0:01:09]} 23. Qa1 {[%clk 0:01:11]}  a5 {[%clk 0:01:05]} 24. Nb5 {[%clk 0:01:09]}  Qd7 {[%clk 0:01:02]} 25. Bxa5 {[%clk 0:01:03]}  d5 {[%clk 0:01:02]} 26. Ra3 {[%clk 0:01:01]}  dxc4 {[%clk 0:00:58]} 27. Bxb6 {[%clk 0:01:00]}  Rxa3 {[%clk 0:00:55]} 28. Qxa3 {[%clk 0:01:01]}  Bxb5 {[%clk 0:00:54]} 29. dxc4 {[%clk 0:00:49]}  Bxc4 {[%clk 0:00:55]} 30. Rc1 {[%clk 0:00:28]}  Qd4+ {[%clk 0:00:54]} 31. Kh1 {[%clk 0:00:28]}  Bd3 {[%clk 0:00:23]} 32. Rd1 {[%clk 0:00:18]}  Rb8 {[%clk 0:00:21]} 33. Rxd3 {[%clk 0:00:16]}  Qf2 {[%clk 0:00:22]} 34. Qa5 {[%clk 0:00:03]}  Qh4+ {[%clk 0:00:20]} 35. Rh3 {[%clk 0:00:04]}  Qxf4 {[%clk 0:00:20]} 36. Bc7 {[%clk 0:00:04]}  Qc1+ {[%clk 0:00:20]} 37. Kh2 {[%clk 0:00:04]}  Rxb2 {[%clk 0:00:20]} 38. Rg3 {[%clk 0:00:05]}  Qd1 {[%clk 0:00:17]} 39. Qa8 {[%clk 0:00:03]}  Qxh5+ {[%clk 0:00:17]} 40. Rh3 {[%clk 0:00:03]}  Qg4 {[%clk 0:00:17]} 41. Rg3 {[%clk 0:00:03]}  Qh4+ {[%clk 0:00:16]} 42. Kg1 {[%clk 0:00:04]}  Rb1+ {[%clk 0:00:13]} 43. Kf2 {[%clk 0:00:04]}  Rd1 {[%clk 0:00:11]} 44. Bf3 {[%clk 0:00:02]}  Rd2+ {[%clk 0:00:11]} 45. Ke3 {[%clk 0:00:02]}  Rd7 {[%clk 0:00:11]} 46. Rg2 {[%clk 0:00:03]}  Rxc7 {[%clk 0:00:10]} 47. Rd2 {[%clk 0:00:03]}  Qxg5+ {[%clk 0:00:09]} 48. Ke2 {[%clk 0:00:03]}  c4 {[%clk 0:00:07]} 49. Rd8 {[%clk 0:00:03]}  Qc5 {[%clk 0:00:07]} 50. Qb8 {[%clk 0:00:02]}  Rc6 {[%clk 0:00:04]} 51. e5 {[%clk 0:00:01]}  Rb6 {[%clk 0:00:02]} 52. Rxf8+ {[%clk 0:00:01]}  Qxf8 {[%clk 0:00:03]} 53. Qxb6 {[%clk 0:00:02]}  Qc8 {[%clk 0:00:03]} 54. Qc6 {[%clk 0:00:02]}  Qxc6 {[%clk 0:00:03]} 55. Bxc6 {[%clk 0:00:03]}  h5 {[%clk 0:00:04]} 56. Be4 {[%clk 0:00:03]}  f6 {[%clk 0:00:03]} 57. Kd2 {[%clk 0:00:03]}  fxe5 {[%clk 0:00:03]} 58. Kc3 {[%clk 0:00:04]}  g5 {[%clk 0:00:04]} 59. Kxc4 {[%clk 0:00:04]}  g4 {[%clk 0:00:04]} 60. Kd3 {[%clk 0:00:05]}  Kg7 {[%clk 0:00:04]} 61. Ke2 {[%clk 0:00:06]}  Kf6 {[%clk 0:00:05]} 62. Kf2 {[%clk 0:00:06]}  Kg5 {[%clk 0:00:06]} 63. Bc6 {[%clk 0:00:06]}  Kf4 {[%clk 0:00:06]} 64. Bd7 {[%clk 0:00:06]}  e4 {[%clk 0:00:05]} 65. Bxe6 {[%clk 0:00:06]}  h4 {[%clk 0:00:05]} 66. Kg2 {[%clk 0:00:06]}  e3 {[%clk 0:00:05]} 67. Bc4 {[%clk 0:00:06]}  h3+ {[%clk 0:00:05]} 68. Kh2 {[%clk 0:00:06]}  Kf3 {[%clk 0:00:06]} 69. Bd5+ {[%clk 0:00:06]}  Kf2 {[%clk 0:00:06]} 70. Be6 {[%clk 0:00:07]}  e2 {[%clk 0:00:06]} 71. Bxg4 {[%clk 0:00:07]}  e1=Q {[%clk 0:00:07]} 72. Bxh3 {[%clk 0:00:08]}  Qg1# {[%clk 0:00:07]} 0-1

[Event "April 9 Early 2024"]
[Site "Chess.com"]
[Date "2024.04.09"]
[Round "6"]
[White "Kacharava, Nikolozi"]
[Black "Tang, Zoey"]
[Result "1-0"]
[Board "149"]
[WhiteFideId "13611860"]
[BlackFideId "30952530"]
[WhiteTitle "GM"]
[BlackTitle "FM"]
[WhiteElo "2622"]
[BlackElo "2442"]
[WhiteTeam "GEO"]
[BlackTeam "USA"]
[WhiteClock "0:00:01"]
[BlackClock "0:00:00"]
[Variant "Standard"]

1. Nf3 {[%clk 0:03:00]}  d5 {[%clk 0:02:58]} 2. c4 {[%clk 0:03:00]}  e6 {[%clk 0:02:57]} 3. e3 {[%clk 0:02:59]}  Nf6 {[%clk 0:02:57]} 4. Nc3 {[%clk 0:02:59]}  Be7 {[%clk 0:02:57]} 5. b3 {[%clk 0:02:56]}  O-O {[%clk 0:02:56]} 6. Bb2 {[%clk 0:02:56]}  b6 {[%clk 0:02:54]} 7. d4 {[%clk 0:02:53]}  Bb7 {[%clk 0:02:54]} 8. Bd3 {[%clk 0:02:52]}  c5 {[%clk 0:02:53]} 9. O-O {[%clk 0:02:48]}  cxd4 {[%clk 0:02:49]} 10. exd4 {[%clk 0:02:47]}  dxc4 {[%clk 0:02:47]} 11. bxc4 {[%clk 0:02:47]}  Nbd7 {[%clk 0:02:43]} 12. Ne5 {[%clk 0:02:38]}  h6 {[%clk 0:02:24]} 13. Re1 {[%clk 0:02:29]}  Nxe5 {[%clk 0:02:15]} 14. dxe5 {[%clk 0:02:27]}  Nd7 {[%clk 0:02:15]} 15. Ne4 {[%clk 0:02:13]}  Nc5 {[%clk 0:02:09]} 16. Nd6 {[%clk 0:02:02]}  Bxd6 {[%clk 0:02:05]} 17. exd6 {[%clk 0:02:01]}  Qg5 {[%clk 0:02:04]} 18. f3 {[%clk 0:01:57]}  Rfd8 {[%clk 0:01:33]} 19. Bb1 {[%clk 0:01:54]}  f5 {[%clk 0:01:21]} 20. Be5 {[%clk 0:01:48]}  Bc6 {[%clk 0:01:13]} 21. Bc2 {[%clk 0:01:43]}  Rd7 {[%clk 0:01:03]} 22. Kh1 {[%clk 0:01:42]}  Rad8 {[%clk 0:01:01]} 23. Qd4 {[%clk 0:00:42]}  h5 {[%clk 0:00:49]} 24. Rad1 {[%clk 0:00:36]}  h4 {[%clk 0:00:47]} 25. h3 {[%clk 0:00:35]}  Kh8 {[%clk 0:00:37]} 26. Bf4 {[%clk 0:00:33]}  Qg6 {[%clk 0:00:34]} 27. Qf2 {[%clk 0:00:33]}  Qh5 {[%clk 0:00:29]} 28. Rd4 {[%clk 0:00:31]}  Kg8 {[%clk 0:00:27]} 29. Be5 {[%clk 0:00:21]}  g5 {[%clk 0:00:24]} 30. Bd1 {[%clk 0:00:14]}  Qg6 {[%clk 0:00:22]} 31. f4 {[%clk 0:00:14]}  g4 {[%clk 0:00:20]} 32. hxg4 {[%clk 0:00:12]}  fxg4 {[%clk 0:00:21]} 33. Bc2 {[%clk 0:00:12]}  Qh5 {[%clk 0:00:18]} 34. Kg1 {[%clk 0:00:07]}  h3 {[%clk 0:00:17]} 35. g3 {[%clk 0:00:07]}  Rf8 {[%clk 0:00:14]} 36. Kh2 {[%clk 0:00:07]}  a5 {[%clk 0:00:12]} 37. Qe2 {[%clk 0:00:04]}  Bf3 {[%clk 0:00:12]} 38. Qe3 {[%clk 0:00:04]}  Qf7 {[%clk 0:00:09]} 39. Rb1 {[%clk 0:00:04]}  Rb8 {[%clk 0:00:06]} 40. Rb5 {[%clk 0:00:02]}  a4 {[%clk 0:00:05]} 41. Rd2 {[%clk 0:00:02]}  Bc6 {[%clk 0:00:05]} 42. Rb4 {[%clk 0:00:02]}  Bf3 {[%clk 0:00:04]} 43. Qxc5 {[%clk 0:00:02]}  bxc5 {[%clk 0:00:03]} 44. Rxb8+ {[%clk 0:00:02]}  Qf8 {[%clk 0:00:02]} 45. Rxf8+ {[%clk 0:00:02]}  Kxf8 {[%clk 0:00:03]} 46. Bxa4 {[%clk 0:00:02]}  Ra7 {[%clk 0:00:00]} 47. d7 {[%clk 0:00:01]} 1-0

[Event "April 9 Early 2024"]
[Site "Chess.com"]
[Date "2024.04.09"]
[Round "6"]
[White "Rosenberg, Evan S"]
[Black "Demin, Vladimir"]
[Result "1-0"]
[Board "151"]
[WhiteFideId "2019299"]
[BlackFideId "4167457"]
[BlackTitle "IM"]
[WhiteElo "2439"]
[BlackElo "2594"]
[WhiteTeam "USA"]
[BlackTeam "RUS"]
[WhiteClock "0:00:09"]
[BlackClock "0:00:11"]
[Variant "Standard"]

1. d4 {[%clk 0:03:00]}  Nf6 {[%clk 0:02:58]} 2. Nf3 {[%clk 0:03:01]}  d5 {[%clk 0:02:57]} 3. c3 {[%clk 0:02:59]}  c5 {[%clk 0:02:52]} 4. dxc5 {[%clk 0:02:59]}  e6 {[%clk 0:02:43]} 5. Be3 {[%clk 0:02:59]}  Nbd7 {[%clk 0:02:39]} 6. b4 {[%clk 0:02:57]}  a5 {[%clk 0:02:34]} 7. Qa4 {[%clk 0:02:51]}  Qc7 {[%clk 0:02:23]} 8. g3 {[%clk 0:02:45]}  Be7 {[%clk 0:02:18]} 9. Bg2 {[%clk 0:02:45]}  O-O {[%clk 0:02:19]} 10. O-O {[%clk 0:02:45]}  b5 {[%clk 0:02:01]} 11. Qc2 {[%clk 0:02:24]}  Ne4 {[%clk 0:01:56]} 12. Nbd2 {[%clk 0:02:11]}  Bb7 {[%clk 0:01:51]} 13. Nxe4 {[%clk 0:02:09]}  dxe4 {[%clk 0:01:49]} 14. Nd4 {[%clk 0:02:09]}  Bd5 {[%clk 0:01:41]} 15. Bxe4 {[%clk 0:01:51]}  Nf6 {[%clk 0:01:29]} 16. Bxd5 {[%clk 0:01:43]}  Nxd5 {[%clk 0:01:30]} 17. Bd2 {[%clk 0:01:34]}  Bf6 {[%clk 0:01:18]} 18. Nxb5 {[%clk 0:01:28]}  Qb8 {[%clk 0:01:18]} 19. a4 {[%clk 0:01:12]}  axb4 {[%clk 0:01:17]} 20. cxb4 {[%clk 0:01:08]}  Bxa1 {[%clk 0:01:16]} 21. Rxa1 {[%clk 0:01:09]}  Qe5 {[%clk 0:01:16]} 22. Re1 {[%clk 0:01:04]}  h5 {[%clk 0:01:10]} 23. h4 {[%clk 0:01:02]}  f5 {[%clk 0:01:03]} 24. e3 {[%clk 0:00:46]}  Qf6 {[%clk 0:00:42]} 25. Qc4 {[%clk 0:00:35]}  Rxa4 {[%clk 0:00:39]} 26. Nc3 {[%clk 0:00:32]}  Rxb4 {[%clk 0:00:34]} 27. Nxd5 {[%clk 0:00:32]}  Rxc4 {[%clk 0:00:35]} 28. Nxf6+ {[%clk 0:00:32]}  Rxf6 {[%clk 0:00:30]} 29. Ba5 {[%clk 0:00:26]}  Rxc5 {[%clk 0:00:30]} 30. Bd8 {[%clk 0:00:27]}  Rf7 {[%clk 0:00:29]} 31. Bg5 {[%clk 0:00:25]}  Rfc7 {[%clk 0:00:28]} 32. Kg2 {[%clk 0:00:25]}  Rc2 {[%clk 0:00:23]} 33. Rd1 {[%clk 0:00:23]}  Kf7 {[%clk 0:00:22]} 34. Bf4 {[%clk 0:00:18]}  Rb7 {[%clk 0:00:20]} 35. Rf1 {[%clk 0:00:16]}  Kf6 {[%clk 0:00:19]} 36. Bg5+ {[%clk 0:00:15]}  Ke5 {[%clk 0:00:19]} 37. Bf4+ {[%clk 0:00:14]}  Ke4 {[%clk 0:00:19]} 38. Bg5 {[%clk 0:00:14]}  e5 {[%clk 0:00:18]} 39. Bd8 {[%clk 0:00:13]}  Rbb2 {[%clk 0:00:18]} 40. Ba5 {[%clk 0:00:11]}  Ra2 {[%clk 0:00:16]} 41. Bb4 {[%clk 0:00:10]}  Rab2 {[%clk 0:00:16]} 42. Bf8 {[%clk 0:00:10]}  g6 {[%clk 0:00:16]} 43. Bg7 {[%clk 0:00:11]}  Rb3 {[%clk 0:00:16]} 44. Kg1 {[%clk 0:00:10]}  Rbb2 {[%clk 0:00:15]} 45. Bh8 {[%clk 0:00:10]}  Kf3 {[%clk 0:00:13]} 46. Bxe5 {[%clk 0:00:09]}  Rxf2 {[%clk 0:00:13]} 47. Bxb2 {[%clk 0:00:09]}  Rxf1+ {[%clk 0:00:13]} 48. Kxf1 {[%clk 0:00:09]}  Kxg3 {[%clk 0:00:13]} 49. Bf6 {[%clk 0:00:08]}  Kf3 {[%clk 0:00:12]} 50. Bg5 {[%clk 0:00:09]}  Kg3 {[%clk 0:00:12]} 51. Ke2 {[%clk 0:00:09]}  Kg2 {[%clk 0:00:12]} 52. Kd3 {[%clk 0:00:09]}  Kf3 {[%clk 0:00:13]} 53. Kd4 {[%clk 0:00:09]}  Kg4 {[%clk 0:00:11]} 54. Ke5 {[%clk 0:00:09]} 1-0

[Event "April 9 Early 2024"]
[Site "Chess.com"]
[Date "2024.04.09"]
[Round "6"]
[White "Kuznecova, Marija"]
[Black "Hajiyev, Kanan"]
[Result "0-1"]
[Board "152"]
[WhiteFideId "11618736"]
[BlackFideId "13404148"]
[WhiteTitle "WCM"]
[BlackTitle "FM"]
[WhiteElo "2436"]
[BlackElo "2575"]
[WhiteTeam "LAT"]
[BlackTeam "AZE"]
[WhiteClock "0:00:00"]
[BlackClock "0:00:08"]
[Variant "Standard"]

1. e4 {[%clk 0:03:00]}  c6 {[%clk 0:02:59]} 2. d4 {[%clk 0:03:00]}  d5 {[%clk 0:03:00]} 3. e5 {[%clk 0:03:00]}  a6 {[%clk 0:03:01]} 4. Nf3 {[%clk 0:03:00]}  Bg4 {[%clk 0:03:01]} 5. Be2 {[%clk 0:03:00]}  e6 {[%clk 0:03:01]} 6. O-O {[%clk 0:02:59]}  c5 {[%clk 0:03:02]} 7. Be3 {[%clk 0:02:57]}  Qb6 {[%clk 0:03:01]} 8. Nc3 {[%clk 0:02:51]}  Bxf3 {[%clk 0:02:40]} 9. Bxf3 {[%clk 0:02:49]}  Nc6 {[%clk 0:01:57]} 10. dxc5 {[%clk 0:02:25]}  Qc7 {[%clk 0:01:54]} 11. a3 {[%clk 0:02:23]}  Qxe5 {[%clk 0:01:42]} 12. Re1 {[%clk 0:02:17]}  Nf6 {[%clk 0:01:34]} 13. g3 {[%clk 0:01:44]}  Qf5 {[%clk 0:01:13]} 14. g4 {[%clk 0:01:00]}  Qg6 {[%clk 0:01:11]} 15. Bd4 {[%clk 0:00:50]}  Be7 {[%clk 0:01:01]} 16. Bxf6 {[%clk 0:00:35]}  gxf6 {[%clk 0:01:00]} 17. Qe2 {[%clk 0:00:17]}  Nd4 {[%clk 0:00:48]} 18. Qe3 {[%clk 0:00:17]}  Nxc2 {[%clk 0:00:45]} 19. Qf4 {[%clk 0:00:17]}  Nxa1 {[%clk 0:00:40]} 20. Bxd5 {[%clk 0:00:15]}  Nc2 {[%clk 0:00:36]} 21. Re2 {[%clk 0:00:13]}  O-O-O {[%clk 0:00:25]} 22. Be4 {[%clk 0:00:11]}  f5 {[%clk 0:00:18]} 23. Bf3 {[%clk 0:00:07]}  Nd4 {[%clk 0:00:15]} 24. h3 {[%clk 0:00:03]}  Nxf3+ {[%clk 0:00:10]} 25. Qxf3 {[%clk 0:00:04]}  fxg4 {[%clk 0:00:10]} 26. hxg4 {[%clk 0:00:04]}  h5 {[%clk 0:00:11]} 27. Re4 {[%clk 0:00:02]}  f5 {[%clk 0:00:10]} 28. Rf4 {[%clk 0:00:02]}  hxg4 {[%clk 0:00:09]} 29. Qe2 {[%clk 0:00:02]}  g3 {[%clk 0:00:09]} 30. f3 {[%clk 0:00:00]}  Bxc5+ {[%clk 0:00:08]} 0-1

[Event "April 9 Early 2024"]
[Site "Chess.com"]
[Date "2024.04.09"]
[Round "6"]
[White "Leve, Nitai"]
[Black "Baches Garcia, Guillermo"]
[Result "1-0"]
[Board "153"]
[WhiteFideId "2006898"]
[BlackFideId "2209764"]
[BlackTitle "IM"]
[WhiteElo "2436"]
[BlackElo "2560"]
[WhiteTeam "USA"]
[BlackTeam "ESP"]
[WhiteClock "0:00:16"]
[BlackClock "0:00:08"]
[Variant "Standard"]

1. e4 {[%clk 0:03:00]}  d5 {[%clk 0:02:59]} 2. exd5 {[%clk 0:03:00]}  Qxd5 {[%clk 0:03:00]} 3. d4 {[%clk 0:02:57]}  Nc6 {[%clk 0:02:58]} 4. Be3 {[%clk 0:02:54]}  e5 {[%clk 0:02:52]} 5. c4 {[%clk 0:02:49]}  Qa5+ {[%clk 0:02:45]} 6. Bd2 {[%clk 0:02:45]}  Bb4 {[%clk 0:02:42]} 7. d5 {[%clk 0:02:44]}  Nd4 {[%clk 0:02:38]} 8. Nc3 {[%clk 0:02:40]}  Bf5 {[%clk 0:02:29]} 9. Rc1 {[%clk 0:02:35]}  Nf6 {[%clk 0:01:48]} 10. a3 {[%clk 0:02:24]}  Bxc3 {[%clk 0:01:47]} 11. Bxc3 {[%clk 0:02:25]}  Qb6 {[%clk 0:01:48]} 12. b4 {[%clk 0:02:11]}  c5 {[%clk 0:01:42]} 13. Nf3 {[%clk 0:01:50]}  Bg4 {[%clk 0:01:25]} 14. bxc5 {[%clk 0:01:47]}  Qxc5 {[%clk 0:01:21]} 15. Bxd4 {[%clk 0:01:48]}  exd4 {[%clk 0:01:16]} 16. Qxd4 {[%clk 0:01:49]}  Qa5+ {[%clk 0:01:12]} 17. Qc3 {[%clk 0:01:45]}  Qc5 {[%clk 0:01:08]} 18. Be2 {[%clk 0:01:29]}  Ne4 {[%clk 0:00:57]} 19. Qe5+ {[%clk 0:01:29]}  Qe7 {[%clk 0:00:55]} 20. Qxe7+ {[%clk 0:01:26]}  Kxe7 {[%clk 0:00:56]} 21. O-O {[%clk 0:01:25]}  Nc5 {[%clk 0:00:52]} 22. Rfe1 {[%clk 0:01:24]}  Kd6 {[%clk 0:00:51]} 23. Ng5 {[%clk 0:01:17]}  Bxe2 {[%clk 0:00:36]} 24. Nxf7+ {[%clk 0:01:16]}  Kd7 {[%clk 0:00:28]} 25. Rxe2 {[%clk 0:01:16]}  Rhf8 {[%clk 0:00:25]} 26. Ng5 {[%clk 0:00:35]}  Rf4 {[%clk 0:00:20]} 27. g3 {[%clk 0:00:28]}  Rd4 {[%clk 0:00:18]} 28. Rce1 {[%clk 0:00:27]}  Rxc4 {[%clk 0:00:15]} 29. Re7+ {[%clk 0:00:26]}  Kd6 {[%clk 0:00:10]} 30. Rxg7 {[%clk 0:00:26]}  Kxd5 {[%clk 0:00:10]} 31. Rxh7 {[%clk 0:00:25]}  b5 {[%clk 0:00:10]} 32. Rh6 {[%clk 0:00:21]}  Rc8 {[%clk 0:00:09]} 33. Nf7 {[%clk 0:00:18]}  Na4 {[%clk 0:00:08]} 34. Rd6+ {[%clk 0:00:16]}  Kc5 {[%clk 0:00:08]} 35. Re5# {[%clk 0:00:16]} 1-0

[Event "April 9 Early 2024"]
[Site "Chess.com"]
[Date "2024.04.09"]
[Round "6"]
[White "Maltsevskaya, Aleksandra"]
[Black "Herman, Daniel"]
[Result "0-1"]
[Board "155"]
[WhiteFideId "24174041"]
[BlackFideId "30935008"]
[WhiteTitle "IM"]
[WhiteElo "2555"]
[BlackElo "2429"]
[WhiteTeam "POL"]
[BlackTeam "USA"]
[WhiteClock "0:00:00"]
[BlackClock "0:00:18"]
[Variant "Standard"]

1. e4 {[%clk 0:02:44]}  e5 {[%clk 0:02:59]} 2. Nf3 {[%clk 0:02:34]}  Nc6 {[%clk 0:03:00]} 3. d4 {[%clk 0:02:32]}  exd4 {[%clk 0:02:59]} 4. Bc4 {[%clk 0:02:33]}  Nf6 {[%clk 0:02:59]} 5. e5 {[%clk 0:02:27]}  d5 {[%clk 0:02:59]} 6. Bb5 {[%clk 0:02:28]}  Ne4 {[%clk 0:02:59]} 7. O-O {[%clk 0:02:28]}  Bc5 {[%clk 0:02:47]} 8. Nbd2 {[%clk 0:02:15]}  O-O {[%clk 0:02:30]} 9. Nb3 {[%clk 0:02:13]}  Bb6 {[%clk 0:02:29]} 10. h3 {[%clk 0:02:05]}  Ne7 {[%clk 0:02:17]} 11. Nbxd4 {[%clk 0:02:04]}  c5 {[%clk 0:02:17]} 12. Ne2 {[%clk 0:02:03]}  Bf5 {[%clk 0:02:10]} 13. c3 {[%clk 0:02:02]}  Ng6 {[%clk 0:02:01]} 14. Be3 {[%clk 0:01:58]}  Bc7 {[%clk 0:01:56]} 15. Bd3 {[%clk 0:01:51]}  c4 {[%clk 0:01:51]} 16. Bxe4 {[%clk 0:01:51]}  Bxe4 {[%clk 0:01:51]} 17. Nd2 {[%clk 0:01:47]}  Nxe5 {[%clk 0:01:50]} 18. Nxe4 {[%clk 0:01:47]}  dxe4 {[%clk 0:01:51]} 19. Qa4 {[%clk 0:01:47]}  a6 {[%clk 0:01:33]} 20. Rad1 {[%clk 0:01:45]}  Qh4 {[%clk 0:01:32]} 21. Qb4 {[%clk 0:01:26]}  b5 {[%clk 0:01:25]} 22. Qc5 {[%clk 0:01:23]}  Rac8 {[%clk 0:01:24]} 23. Qd5 {[%clk 0:01:23]}  Nd3 {[%clk 0:01:10]} 24. Ng3 {[%clk 0:01:05]}  Bxg3 {[%clk 0:00:58]} 25. fxg3 {[%clk 0:01:06]}  Qxg3 {[%clk 0:00:58]} 26. Bd4 {[%clk 0:01:06]}  Rce8 {[%clk 0:00:50]} 27. Rd2 {[%clk 0:01:02]}  e3 {[%clk 0:00:37]} 28. Re2 {[%clk 0:01:00]}  Nf4 {[%clk 0:00:37]} 29. Rxf4 {[%clk 0:00:50]}  Qxf4 {[%clk 0:00:36]} 30. a4 {[%clk 0:00:24]}  Rd8 {[%clk 0:00:27]} 31. Qc5 {[%clk 0:00:21]}  Rfe8 {[%clk 0:00:17]} 32. axb5 {[%clk 0:00:21]}  axb5 {[%clk 0:00:18]} 33. Qxb5 {[%clk 0:00:00]}  Ra8 {[%clk 0:00:18]} 0-1

[Event "April 9 Early 2024"]
[Site "Chess.com"]
[Date "2024.04.09"]
[Round "6"]
[White "Merino Garcia, Rafael II"]
[Black "Vovk, Orest"]
[Result "0-1"]
[Board "164"]
[WhiteFideId "2209128"]
[BlackFideId "14113490"]
[WhiteTitle "FM"]
[BlackTitle "FM"]
[WhiteElo "2401"]
[BlackElo "2535"]
[WhiteTeam "ESP"]
[BlackTeam "UKR"]
[WhiteClock "0:00:15"]
[BlackClock "0:00:08"]
[Variant "Standard"]

1. d4 {[%clk 0:03:00]}  Nf6 {[%clk 0:02:52]} 2. Nf3 {[%clk 0:03:00]}  Rg8 {[%clk 0:02:51]} 3. g3 {[%clk 0:03:00]}  Ne4 {[%clk 0:02:50]} 4. Bg2 {[%clk 0:03:00]}  g5 {[%clk 0:02:50]} 5. O-O {[%clk 0:03:00]}  d5 {[%clk 0:02:49]} 6. c4 {[%clk 0:02:59]}  c6 {[%clk 0:02:49]} 7. cxd5 {[%clk 0:02:55]}  cxd5 {[%clk 0:02:49]} 8. Nc3 {[%clk 0:02:55]}  Nc6 {[%clk 0:02:46]} 9. Nxe4 {[%clk 0:02:54]}  dxe4 {[%clk 0:02:46]} 10. Nxg5 {[%clk 0:02:55]}  Qxd4 {[%clk 0:02:43]} 11. Nxe4 {[%clk 0:02:52]}  Bf5 {[%clk 0:02:38]} 12. Qxd4 {[%clk 0:02:41]}  Nxd4 {[%clk 0:02:38]} 13. Nc3 {[%clk 0:02:33]}  O-O-O {[%clk 0:02:35]} 14. e4 {[%clk 0:02:30]}  Bg4 {[%clk 0:02:33]} 15. f3 {[%clk 0:02:27]}  Bd7 {[%clk 0:02:32]} 16. Bf4 {[%clk 0:02:22]}  f6 {[%clk 0:02:28]} 17. Rac1 {[%clk 0:02:19]}  e5 {[%clk 0:02:22]} 18. Nd5+ {[%clk 0:02:03]}  Bc6 {[%clk 0:02:22]} 19. Nxf6 {[%clk 0:01:56]}  Ne2+ {[%clk 0:02:20]} 20. Kf2 {[%clk 0:01:56]}  Nxc1 {[%clk 0:02:19]} 21. Bxc1 {[%clk 0:01:54]}  Bc5+ {[%clk 0:02:18]} 22. Ke1 {[%clk 0:01:47]}  Rg6 {[%clk 0:02:11]} 23. Ng4 {[%clk 0:01:45]}  Rgd6 {[%clk 0:02:06]} 24. Ne3 {[%clk 0:01:35]}  Rd3 {[%clk 0:02:00]} 25. Nd5 {[%clk 0:01:22]}  Bxd5 {[%clk 0:01:44]} 26. exd5 {[%clk 0:01:22]}  R8xd5 {[%clk 0:01:44]} 27. Ke2 {[%clk 0:01:20]}  Rd8 {[%clk 0:01:40]} 28. Bh3+ {[%clk 0:01:17]}  Kb8 {[%clk 0:01:37]} 29. Bf5 {[%clk 0:01:15]}  R3d6 {[%clk 0:01:34]} 30. Be4 {[%clk 0:01:10]}  Bb4 {[%clk 0:01:27]} 31. Bg5 {[%clk 0:01:07]}  Rg8 {[%clk 0:01:13]} 32. Be3 {[%clk 0:01:03]}  Rgd8 {[%clk 0:01:09]} 33. Bg5 {[%clk 0:00:48]}  R8d7 {[%clk 0:01:05]} 34. Bf5 {[%clk 0:00:47]}  Rc7 {[%clk 0:00:55]} 35. Be4 {[%clk 0:00:45]}  h6 {[%clk 0:00:52]} 36. Be3 {[%clk 0:00:41]}  Rcd7 {[%clk 0:00:51]} 37. Bf5 {[%clk 0:00:40]}  Rd8 {[%clk 0:00:49]} 38. h4 {[%clk 0:00:36]}  Bd2 {[%clk 0:00:49]} 39. Bc5 {[%clk 0:00:36]}  Rd5 {[%clk 0:00:38]} 40. Be7 {[%clk 0:00:34]}  Re8 {[%clk 0:00:33]} 41. Ba3 {[%clk 0:00:31]}  Ba5 {[%clk 0:00:26]} 42. b4 {[%clk 0:00:31]}  Bb6 {[%clk 0:00:24]} 43. Be4 {[%clk 0:00:30]}  Rd4 {[%clk 0:00:23]} 44. g4 {[%clk 0:00:27]}  Red8 {[%clk 0:00:23]} 45. Bc1 {[%clk 0:00:26]}  Rxb4 {[%clk 0:00:20]} 46. g5 {[%clk 0:00:26]}  hxg5 {[%clk 0:00:19]} 47. hxg5 {[%clk 0:00:27]}  Ra4 {[%clk 0:00:20]} 48. Bb1 {[%clk 0:00:23]}  Rh8 {[%clk 0:00:16]} 49. g6 {[%clk 0:00:17]}  Rh2+ {[%clk 0:00:16]} 50. Kd3 {[%clk 0:00:17]}  Rd4+ {[%clk 0:00:15]} 51. Kc3 {[%clk 0:00:17]}  Ba5+ {[%clk 0:00:15]} 52. Kb3 {[%clk 0:00:17]}  Rb4+ {[%clk 0:00:15]} 53. Ka3 {[%clk 0:00:17]}  Rxb1 {[%clk 0:00:14]} 54. g7 {[%clk 0:00:16]}  Rg2 {[%clk 0:00:13]} 55. Bg5 {[%clk 0:00:16]}  Rxg5 {[%clk 0:00:11]} 56. Rxb1 {[%clk 0:00:16]}  Rxg7 {[%clk 0:00:11]} 57. Rb5 {[%clk 0:00:16]}  Bc7 {[%clk 0:00:11]} 58. Kb3 {[%clk 0:00:17]}  Rf7 {[%clk 0:00:11]} 59. Kc4 {[%clk 0:00:16]}  Rxf3 {[%clk 0:00:10]} 60. Kd5 {[%clk 0:00:17]}  Rd3+ {[%clk 0:00:10]} 61. Ke6 {[%clk 0:00:18]}  Rd6+ {[%clk 0:00:09]} 62. Ke7 {[%clk 0:00:17]}  Rb6 {[%clk 0:00:09]} 63. Rd5 {[%clk 0:00:17]}  a6 {[%clk 0:00:08]} 64. Rd7 {[%clk 0:00:17]}  Rc6 {[%clk 0:00:08]} 65. Rd5 {[%clk 0:00:17]}  b5 {[%clk 0:00:08]} 66. Rd2 {[%clk 0:00:17]}  Kb7 {[%clk 0:00:09]} 67. Rh2 {[%clk 0:00:17]}  Kb6 {[%clk 0:00:09]} 68. Rh6 {[%clk 0:00:15]}  Rxh6 {[%clk 0:00:08]} 0-1